000 00270nam a22000977a 4500
005 20250901165412.0
008 210323b ||||| |||| 00| 0 eng d
050 _aLB2341 .R68 1966
245 _aTHE MANAGERIAL REVOLUTION IN HIGHER EDUCATION
_cROURKE, FRANCIS E.
942 _2lcc
999 _c3372
_d3372